Zpíváme s kytarou 103
Saved in:
| Main Author: | |
|---|---|
| Format: | Musical Score |
| Language: | Czech |
| Published: |
Praha :
Supraphon,
1968.
|
| Edition: | 1. vyd. |
| Physical Description: |
19 s. |
| Tags: |
Add Tag
No Tags, Be the first to tag this record!
|
Titul je dostupný aj v ... 

MARC
| LEADER | 00000ncm a22000004a 4500 | ||
|---|---|---|---|
| 001 | 000422021 | ||
| 005 | 20130617214326.0 | ||
| 008 | 130617s1968 xr cze d | ||
| 028 | 2 | 1 | |a H 4650 |b Supraphon |
| 040 | |a SVKKK |b slo |c SVKKK |e AACR2 | ||
| 041 | 0 | |a cze | |
| 043 | |a e-xr--- | ||
| 044 | |a xr |c CZ | ||
| 245 | 1 | 0 | |a Zpíváme s kytarou |h [hudobnina] |n 103 |c upravil Bedřich Nikodem. |
| 250 | |a 1. vyd. | ||
| 260 | |a Praha : |b Supraphon, |c 1968. | ||
| 300 | |a 19 s. | ||
| 546 | |a Texty piesní česky | ||
| 505 | 0 | 0 | |a |t Cyrano / |r hudba Jaromír Klempíř ; slova Jiří Aplt -- |t Proč drobně mží = In dieser Welt / |r hudba Udo Jürgens ; český text Jan Fiala -- |t Jarní víra = Io che non vivo (Senza te) / |r hudba P. Donaggio ; český text Eduard Krečmar -- |t ... a já to nepovím / |r hudba Jindřich Brabec ; slova Pavel Vrba -- |t Poslední waltz = The last walz / |r hudba a původní text Les Reed - Barry Mason ; český text Růžena Sypěnová -- |t Já cestu k tobě najdu si / |r hudba Bohuslav Ondráček ; slova J. Šprungl -- |t Myslíš jenom na peníze / |r hudba Angelo Michajlov ; slova Eduard Krečmar -- |t Za velkou louží = My Bonnie / |r americký traditional ; český text Jan Pišta |
| 700 | 1 | |a Nikodem, Bedřich, |d 1909-1970 |4 adp | |
| 910 | |a svkkk | ||
| 998 | |a MU | ||
| 090 | |g SCKHL |k Sklad Hlavná 10 suterén |a I.34045 |j 395918 |i 2720636889 |s Absenčne | ||